| 000 | 00608nam a22002057a 4500 | ||
|---|---|---|---|
| 003 | OSt | ||
| 005 | 20140310182951.0 | ||
| 008 | 130206t xxu||||| |||| 00| 0 eng d | ||
| 020 | _a9789710546114 | ||
| 050 |
_aQE523 _b.T169 2011 |
||
| 082 |
_aF959.91 _b.T169 2011 |
||
| 245 |
_aPinatubo ; _bthe volcano in our backyard / _cTantingco, Robert |
||
| 260 |
_aAngeles City, Pampanga : _bCenter for Kapampangan Studies, Holy Angel University, _c2011 |
||
| 300 |
_a279 p. : ill. _c25 cm. |
||
| 521 | _acollege students | ||
| 526 | _c1210L-1700L | ||
| 541 | _j1 | ||
| 562 | _e1 | ||
| 942 |
_2lcc _cBK _kFIL |
||
| 999 |
_c17899 _d17899 |
||